|
|
|
|
| LEADER |
00000nam0a2200000 4500 |
| 001 |
119023 |
| 005 |
20231031124408.0 |
| 010 |
|
|
|a 5276007810
|
| 035 |
|
|
|a (RuTPU)RU\TPU\book\128798
|
| 090 |
|
|
|a 119023
|
| 100 |
|
|
|a 20070621d2006 m y0rusy50 ca
|
| 101 |
0 |
|
|a rus
|
| 102 |
|
|
|a RU
|
| 105 |
|
|
|a a j 001zy
|
| 200 |
1 |
|
|a Расчеты стержней на изгиб с кручением. Расчеты на прочность при переменных напряжениях
|e учебное пособие для вузов
|f В. Н. Скопинский, А. А. Захаров, А. Б. Сметанкин
|g Московский государственный индустриальный университет
|
| 210 |
|
|
|a Москва
|c Изд-во МГИУ
|d 2006
|
| 215 |
|
|
|a 112 с.
|c ил.
|
| 320 |
|
|
|a Библиогр.: с. 104.
|
| 330 |
|
|
|a Учебное издание предназначено для студентов МГИУ инженерных специальностей, изучающих учебные дисциплины «Сопротивление материалов» и «Механика материалов и конструкций». В учебном пособии подробно рассмотрены решения различных примеров по следующим тематическим разделам указанных учебных дисциплин: теория напряженного состояния, теории прочности, совместное действие изгиба и кручения, прочность деталей при действии переменных напряжений. Приведены краткие теоретические сведения по этим темам, изложены методические приемы определения внутренних сил и напряжений в стержнях и стержневых системах при изгибе с кручением. Рассмотрены типовые задачи по анализу напряженного состояния в точке, проведению расчетов валов на усталостную прочность при действии циклически изменяющихся напряжений. Материал пособия может использоваться студентами для самостоятельной работы при подготовке к практическим занятиям и экзаменам, для выполнения учебных заданий и курсовых проектов.
|
| 610 |
1 |
|
|a сопротивление материалов
|
| 610 |
1 |
|
|a стержни
|
| 610 |
1 |
|
|a расчеты на прочность
|
| 610 |
1 |
|
|a расчеты на кручение
|
| 610 |
1 |
|
|a расчеты на изгиб
|
| 610 |
1 |
|
|a переменные напряжения
|
| 610 |
1 |
|
|a рамы
|
| 610 |
1 |
|
|a валы
|
| 610 |
1 |
|
|a напряженное состояние
|
| 610 |
1 |
|
|a учебные пособия
|
| 675 |
|
|
|a 539.38(075.8)
|v 3
|
| 675 |
|
|
|a 539.4(075.8)
|v 3
|
| 700 |
|
1 |
|a Скопинский
|b В. Н.
|
| 701 |
|
1 |
|a Захаров
|b А. А.
|
| 701 |
|
1 |
|a Сметанкин
|b А. Б.
|
| 712 |
0 |
2 |
|a Московский государственный индустриальный университет
|2 stltpush
|3 (RuTPU)RU\TPU\col\11073
|
| 801 |
|
1 |
|a RU
|b 63413507
|c 20070621
|g PSBO
|
| 801 |
|
2 |
|a RU
|b 63413507
|c 20131209
|g PSBO
|
| 900 |
|
|
|a Технология машиностроительного производства
|
| 900 |
|
|
|a Технология машиностроения
|
| 900 |
|
|
|a Сопротивление материалов
|
| 900 |
|
|
|a Механика материалов и конструкций
|
| 942 |
|
|
|c BK
|
| 951 |
|
|
|b 150200
|
| 959 |
|
|
|a 47/20070604
|d 1
|e 110,88
|f ЧЗТЛ:1
|